000 00419nmm a2200145Ia 4500
008 251105s9999||||xx |||||||||||||||||und||
041 _aspa
100 _aChopra, Deepak
245 0 _aLecciones de felicidad
264 _a[Madrid, España] :
_bEdiciones B,
_c2015
300 _a258 páginas
650 _aSelf-help and personal development
856 _uhttps://public.digitaliapublishing.com/a/53271
942 _cCF
999 _c105665
_d105665